Ртутные проявления Казахстана

Λεπτομέρειες βιβλιογραφικής εγγραφής
Κύριος συγγραφέας: Мулдагалиев Т. Г. Томас Гумарович
Συγγραφή απο Οργανισμό/Αρχή: Казахский научно-исследовательский институт минерального сырья
Άλλοι συγγραφείς: Розенков В. С. Виктор Сергеевич
Γλώσσα:Ρωσικά
Έκδοση: Москва, Недра, 1977
Θέματα:
Μορφή: Βιβλίο
KOHA link:https://koha.lib.tpu.ru/cgi-bin/koha/opac-detail.pl?biblionumber=102372

MARC

LEADER 00000nam0a2200000 4500
001 102372
005 20231101214426.0
035 |a (RuTPU)RU\TPU\book\110390 
090 |a 102372 
100 |a 20060923d1977 km y0rusy50 ca 
101 0 |a rus 
102 |a RU 
105 |a a z 001zy 
200 1 |a Ртутные проявления Казахстана  |f Т. Г. Мулдагалиев, В. С. Розенков  |g Казахский НИИ минерального сырья 
210 |a Москва  |c Недра  |d 1977 
215 |a 151 с.  |c ил. 
320 |a Библиогр.: с. 148-149. 
610 1 |a геология 
610 1 |a ртутные месторождения 
610 1 |a Казахстан 
610 1 |a обзоры 
610 1 |a литература 
610 1 |a систематика 
610 1 |a рудоносность 
675 |a 553.499  |v 3 
700 1 |a Мулдагалиев  |b Т. Г.  |g Томас Гумарович 
701 1 |a Розенков  |b В. С.  |g Виктор Сергеевич 
712 0 2 |a Казахский научно-исследовательский институт минерального сырья  |2 stltpush  |3 (RuTPU)RU\TPU\col\8431  |9 24524 
801 1 |a RU  |b 63413507  |c 20060923  |g PSBO 
801 2 |a RU  |b 63413507  |c 20101116  |g PSBO 
942 |c BK